000 00683nam a2200289Ia 4500
005 20260324144958.0
008 008 260324s9999 xx 000 0 eng d
020 _a9781003104346
037 _aEBOOK
040 _aCRL
040 _beng
040 _cCRL
041 _2eng
041 _aeng
084 _qCRL
100 _aJohn R. Beech
_91221312
245 0 _aLearning to Read
245 2 _bA Cognitive Approach to Reading and Poor Reading
260 _bTaylor and Francis
260 _c1985
365 _a
365 _b110
856 _uhttp://www.taylorfrancis.com/books/9781003104346
942 _cEBOOK
999 _c1828598
_d1828598